Probability and stochastic processes : (Record no. 10140)

MARC details
000 -LEADER
fixed length control field 01619cam a2200361 i 4500
001 - CONTROL NUMBER
control field 13624408
003 - CONTROL NUMBER IDENTIFIER
control field EG-ScBUE
005 - DATE AND TIME OF LATEST TRANSACTION
control field 20241106112258.0
008 - FIXED-LENGTH DATA ELEMENTS--GENERAL INFORMATION
fixed length control field 040615s2005 njua f b 001 0 eng d
020 ## - INTERNATIONAL STANDARD BOOK NUMBER
International Standard Book Number 9780471272144
040 ## - CATALOGING SOURCE
Original cataloging agency DLC
Language of cataloging eng
Description conventions rda
Transcribing agency DLC
Modifying agency DLC
-- EG-ScBUE
082 04 - DEWEY DECIMAL CLASSIFICATION NUMBER
Classification number 519.2
Edition number 22
Item number YAT
100 1# - MAIN ENTRY--PERSONAL NAME
Personal name Yates, Roy D.,
Relator term author.
9 (RLIN) 20281
245 10 - TITLE STATEMENT
Title Probability and stochastic processes :
Remainder of title a friendly introduction for electrical and computer engineers /
Statement of responsibility, etc Roy D. Yates, Rutgers, The State University of New Jersey, David J. Goodman, Polytechnic University.
250 ## - EDITION STATEMENT
Edition statement Second edition.
264 #1 - PUBLICATION, DISTRIBUTION, ETC. (IMPRINT)
Place of publication, distribution, etc Hoboken, NJ :
Name of publisher, distributor, etc John Wiley & Sons,
Date of publication, distribution, etc [2005]
264 #4 - PUBLICATION, DISTRIBUTION, ETC. (IMPRINT)
Date of publication, distribution, etc c2005
300 ## - PHYSICAL DESCRIPTION
Extent xvii, 519 pages :
Other physical details illustrations ;
Dimensions 25 cm
336 ## - CONTENT TYPE
Source rdacontent
Content type term text
Content type code txt
337 ## - MEDIA TYPE
Media type term unmediated
Source rdamedia
Media type code n
338 ## - CARRIER TYPE
Carrier type term volume
Carrier type code nc
Source rdacarrier
504 ## - BIBLIOGRAPHY, ETC. NOTE
Bibliography, etc Includes bibliographical references and index.
650 #7 - SUBJECT ADDED ENTRY--TOPICAL TERM
Topical term or geographic name as entry element Probabilities.
Source of heading or term BUEsh
9 (RLIN) 20282
650 #7 - SUBJECT ADDED ENTRY--TOPICAL TERM
Topical term or geographic name as entry element Stochastic processes.
Source of heading or term BUEsh
9 (RLIN) 20283
655 ## - INDEX TERM--GENRE/FORM
Form subdivision Reading book
700 1# - ADDED ENTRY--PERSONAL NAME
Personal name Goodman, David J.,
Dates associated with a name 1939-
Relator term author.
9 (RLIN) 20284
856 42 - ELECTRONIC LOCATION AND ACCESS
Materials specified Contributor biographical information
Uniform Resource Identifier <a href="http://www.loc.gov/catdir/bios/wiley047/2004555118.html">http://www.loc.gov/catdir/bios/wiley047/2004555118.html</a>
856 41 - ELECTRONIC LOCATION AND ACCESS
Materials specified Table of contents
Uniform Resource Identifier <a href="http://www.loc.gov/catdir/toc/wiley041/2004555118.html">http://www.loc.gov/catdir/toc/wiley041/2004555118.html</a>
856 42 - ELECTRONIC LOCATION AND ACCESS
Materials specified Publisher description
Uniform Resource Identifier <a href="http://www.loc.gov/catdir/description/wiley041/2004555118.html">http://www.loc.gov/catdir/description/wiley041/2004555118.html</a>
942 ## - ADDED ENTRY ELEMENTS (KOHA)
Source of classification or shelving scheme Dewey Decimal Classification
Koha item type Book - Borrowing
Holdings
Withdrawn status Lost status Source of classification or shelving scheme Damaged status Not for loan Home library Current library Shelving location Date acquired Source of acquisition Total Checkouts Total Renewals Full call number Barcode Date last seen Date checked out Price effective from Koha item type Collection code
    Dewey Decimal Classification     Central Library Central Library First floor 28/08/2008 Purchase 6 35 519.2 YAT 000013791 15/07/2025 20/02/2020 28/08/2008 Book - Borrowing  
    Dewey Decimal Classification     Central Library Central Library First floor 07/10/2010   4 40 519.2 YAT 000022321 15/07/2025 01/10/2012 07/10/2010 Book - Borrowing Baccah
    Dewey Decimal Classification     Central Library Central Library First floor 07/10/2010   2   519.2 YAT 000022362 15/07/2025 19/09/2012 07/10/2010 NB - Book (Non borrowing) Baccah
    Dewey Decimal Classification     Central Library Central Library First floor 07/10/2010   5 36 519.2 YAT 000022353 15/07/2025 08/10/2012 07/10/2010 Book - Borrowing Baccah
    Dewey Decimal Classification     Central Library Central Library First floor 11/10/2010   4 14 519.2 YAT 000022354 15/07/2025 19/09/2012 11/10/2010 Book - Borrowing Baccah